বাংলাদেশের ডাকব্যবস্থা / (Record no. 7669)
[ view plain ]
| 000 -LEADER | |
|---|---|
| fixed length control field | 00910nam a2200253 a 4500 |
| 001 - CONTROL NUMBER | |
| JCCL Control Number | 7669 |
| 003 - CONTROL NUMBER IDENTIFIER | |
| JCCL marc code | BD-JhCC |
| 005 - DATE AND TIME OF LATEST TRANSACTION | |
| control field | 20180213134734.0 |
| 008 - FIXED-LENGTH DATA ELEMENTS--GENERAL INFORMATION | |
| fixed length control field | 171210s1995 bg a|||| ||a| 000 0 ben d |
| 020 ## - INTERNATIONAL STANDARD BOOK NUMBER | |
| International Standard Book Number | 984300129X |
| 035 ## - SYSTEM CONTROL NUMBER | |
| system control number | (BD-JhCC)7669 |
| 040 ## - CATALOGING SOURCE | |
| Original cataloging agency | BD-JhCC |
| Modifying agency | BD-JhCC |
| 041 ## - LANGUAGE CODE | |
| Language code of Book | ben |
| 082 ## - DEWEY DECIMAL CLASSIFICATION NUMBER | |
| Classification number | 383.95492 |
| Author mark and Year | RAH 1995 |
| 100 ## - MAIN ENTRY--PERSONAL NAME | |
| Personal name | রহমান, সিদ্দিক মাহমুদুর |
| 245 ## - TITLE STATEMENT | |
| Title | বাংলাদেশের ডাকব্যবস্থা / |
| Statement of responsibility, etc | সিদ্দিক মাহমুদুর রহমান |
| 260 ## - PUBLICATION, DISTRIBUTION, ETC. (IMPRINT) | |
| Place of publication, distribution, etc | রাজশাহী : |
| Name of publisher, distributor, etc | বাংলাদেশ ইনষ্টিটিউট অব ফিলাটেলিক স্টাডিজ, |
| Date of publication, distribution, etc | 1995. |
| 300 ## - PHYSICAL DESCRIPTION | |
| Pagination | 108 p. : |
| Dimensions | 19 cm. |
| 650 ## - SUBJECT ADDED ENTRY--TOPICAL TERM | |
| Topical term or geographic name as entry element | Postage Stamps |
| Geographic subdivision | Bangladesh |
| 650 ## - SUBJECT ADDED ENTRY--TOPICAL TERM | |
| Topical term or geographic name as entry element | Philately |
| 650 ## - SUBJECT ADDED ENTRY--TOPICAL TERM | |
| Topical term or geographic name as entry element | Postal |
| Geographic subdivision | Bangladesh |
| General subdivision | History |
| 942 ## - ADDED ENTRY ELEMENTS (KOHA) | |
| Source of classification or shelving scheme | Dewey Decimal Classification |
| Koha item type | Books |
| Source of classification or shelving scheme | Damaged status | Not for loan | Home library | Current library | Shelving location | Date of accession | Cost, normal purchase price | Total Checkouts | Full call number | Barcode | Date last seen | Copy number | Koha item type |
|---|---|---|---|---|---|---|---|---|---|---|---|---|---|
| Dewey Decimal Classification | JCC Rouf Library | JCC Rouf Library | General Stacks | 02/13/2018 | 125.00 | 383.95492 RAH 1995 | 10305 | 02/13/2018 | C-1 | Books | |||
| Dewey Decimal Classification | JCC Rouf Library | JCC Rouf Library | General Stacks | 02/13/2018 | 125.00 | 383.95492 RAH 1995 | 10362 | 02/13/2018 | C-2 | Books |